|
|
|
|
| LEADER |
01010nam a2200241 a 4500 |
| 001 |
12113937 |
| 008 |
090808s2000 ctu b 001 0 eng d |
| 010 |
|
|
|a 00060740
|
| 020 |
|
|
|a 1565491211 (cloth : alk. paper)
|
| 020 |
|
|
|a 1565491203 (pbk. : alk. paper)
|
| 040 |
|
|
|a DLC
|c DLC
|d DLC
|
| 082 |
0 |
0 |
|a 338.9
|2 21
|
| 245 |
0 |
0 |
|a New roles and relevance :
|b development NGOs and the challenge of change /
|c David Lewis, Tina Wallace, editors.
|
| 260 |
|
|
|a West Hartford, CT:
|b Kumarian Press,
|c 2000.
|
| 300 |
|
|
|a xvii, 252 p. ;
|c 23 cm.
|
| 504 |
|
|
|a Includes bibliographical references (p. [225]-240) and index.
|
| 541 |
1 |
|
|e 00010414
|
| 650 |
|
0 |
|a Non-governmental organizations.
|
| 700 |
1 |
|
|a Lewis, David,
|d 1960-
|
| 700 |
1 |
|
|a Wallace, Tina.
|
| 852 |
4 |
|
|a Ayesha Abed Library
|j General shelf
|
| 999 |
|
|
|c 3100
|d 3100
|
| 952 |
|
|
|0 0
|1 0
|2 ddc
|4 0
|6 338_900000000000000_NEW_2000
|7 0
|9 2813
|a BRACUL
|b BRACUL
|c GEN
|d 2009-08-30
|g 0.00
|l 0
|o 338.9 NEW
|p 3010010414
|r 2009-08-30
|t 1
|w 2009-08-30
|y BK
|x No price found in the accession register.
|